00448nam a2200169Ia 4500003000400000005001700004008004100021020001300062040000700075041000800082082002100090100002800111245007700139260004000216300001400256365000800270OSt20230503155959.0210423s1979 xx 000 0 und d a24031801 cAL aeng a575.1223b ROUJ aROUGHGARDEN (Jonathan). aTheory of population genetics and evolutionary ecology: an introduction. aNew YorkbMacmillan India Ltdc1979 ax,634bPB cINR